000
00328 a2200157 4500
001
73971
020
_a
8529403877-8
040
_c
Anchieta - Colégio São Paulo
100
_a
Matias, Roque
240
1
0
_a
Física Geral
_l
por
245
1
0
_a
Física Geral
300
_a
813
362
0
_a
2011
650
4
_a
Física
942
_c
BK
999
_c
73971
_d
73971